Пахота в колхозе (Запись № 13424776)
[ простой вид ]
| 000 -МАРКЕР | |
|---|---|
| контрольное поле | 03941nkm0a2200505 4500 |
| 001 - ИДЕНТИФИКАТОР ЗАПИСИ | |
| контрольное поле | RU\NLR\BIBL_A\010886035 |
| 005 - ИДЕНТИФИКАТОР ВЕРСИИ | |
| контрольное поле | 20260408123104.0 |
| 035 ## - ДРУГИЕ СИСТЕМНЫЕ НОМЕРА | |
| Идентификатор записи | (NLR Aleph) 010886035 |
| 071 50 - ИЗДАТЕЛЬСКИЙ НОМЕР | |
| Цена | 5 к. |
| -- | 10000 |
| 100 ## - ДАННЫЕ ОБЩЕЙ ОБРАБОТКИ | |
| Данные общей обработки | 20151110d1934 |||y0rusy50 ca |
| 101 0# - ЯЗЫК РЕСУРСА | |
| Язык текста, звукозаписи и т.д. | русский |
| 102 ## - СТРАНА ПУБЛИКАЦИИ ИЛИ ПРОИЗВОДСТВА | |
| Страна публикации | российская федерация |
| 116 ## - ПОЛЕ КОДИРОВАННЫХ ДАННЫХ: ИЗОБРАЗИТЕЛЬНЫЕ МАТЕРИАЛЫ | |
| Кодированные данные для изобразительных материалов. | diybxx zz ae |
| 135 ## - ПОЛЕ КОДИРОВАННЫХ ДАННЫХ: ЭЛЕКТРОННЫЕ РЕСУРСЫ | |
| Кодированные данные для электронного ресурса | crcn 024anaba |
| 200 1# - ЗАГЛАВИЕ И СВЕДЕНИЯ ОБ ОТВЕТСТВЕННОСТИ | |
| Основное заглавие | Пахота в колхозе |
| Общее обозначение материала | Изоматериал |
| Сведения, относящиеся к заглавию | почтовая карточка |
| 210 ## - ПУБЛИКАЦИЯ, РАСПРОСТРАНЕНИЕ И ДР. | |
| Место издания, распространения и т.д. | Москва |
| Имя издателя, распространителя и т. д. | Художеств.-произв. комбинат ППЦ НКП |
| Дата издания, распространения и т.д. | [1934?] |
| Имя изготовителя | 2-я тип. изд-ва ЦК ВКП(б) "Правда" |
| 215 ## - ФИЗИЧЕСКАЯ ХАРАКТЕРИСТИКА | |
| Специфическое обозначение материала и объем | 1 л. |
| Другие сведения о физической характеристике | глуб. печ. |
| Размеры | 9,8х14,1 |
| 225 1# - СЕРИЯ | |
| Основное заглавие серии | Цикл "СССР в открытках" |
| Обозначение или номер части | Серия № 4 |
| Наименование части | Московская область |
| Обозначение тома | № 59 |
| 300 ## - ОБЩИЕ ПРИМЕЧАНИЯ | |
| Текст примечания | На адрес. стороне изд. марка: ХПК ППЦ |
| 300 ## - ОБЩИЕ ПРИМЕЧАНИЯ | |
| Текст примечания | Ценз. разрешение: Уполн. Главл. В-62410 |
| 300 ## - ОБЩИЕ ПРИМЕЧАНИЯ | |
| Текст примечания | В вып. дан.: Зак. 1564 |
| 325 1# - ПРИМЕЧАНИЕ О КОПИИ | |
| Текст примечания | Копия доступна в электронной библиотеке РНБ |
| 606 1# - НАИМЕНОВАНИЕ ТЕМЫ КАК ПРЕДМЕТ | |
| Наименование темы | Почтовые открытки маркированные художественные |
| Географический подзаголовок | СССР |
| Хронологический подзаголовок | 1917 - 1945 |
| Системный номер авторитетной/нормативной записи | 2597599 |
| Идентификатор авторитетной/нормативной записи | RU\NLR\AUTH\661534720 |
| 606 1# - НАИМЕНОВАНИЕ ТЕМЫ КАК ПРЕДМЕТ | |
| Наименование темы | Фотографические открытки |
| Системный номер авторитетной/нормативной записи | 2151039 |
| Идентификатор авторитетной/нормативной записи | RU\NLR\AUTH\661600135 |
| 606 1# - НАИМЕНОВАНИЕ ТЕМЫ КАК ПРЕДМЕТ | |
| Наименование темы | Колхозы |
| Формальный подзаголовок | Открытки |
| Географический подзаголовок | Московская область |
| Системный номер авторитетной/нормативной записи | 1110077 |
| Идентификатор авторитетной/нормативной записи | RU\NLR\AUTH\66438376 |
| 606 1# - НАИМЕНОВАНИЕ ТЕМЫ КАК ПРЕДМЕТ | |
| Наименование темы | Пахота тракторами |
| Формальный подзаголовок | Открытки |
| Системный номер авторитетной/нормативной записи | 1817931 |
| Идентификатор авторитетной/нормативной записи | RU\NLR\AUTH\66820856 |
| 606 1# - НАИМЕНОВАНИЕ ТЕМЫ КАК ПРЕДМЕТ | |
| Наименование темы | Тракторы |
| Формальный подзаголовок | Открытки |
| Системный номер авторитетной/нормативной записи | 1284109 |
| Идентификатор авторитетной/нормативной записи | RU\NLR\AUTH\66212245 |
| 607 ## - ГЕОГРАФИЧЕСКОЕ НАИМЕНОВАНИЕ КАК ПРЕДМЕТ | |
| Географическое наименование | Московская область |
| Формальный подзаголовок | Открытки |
| Системный номер авторитетной/нормативной записи | 2075749 |
| Идентификатор авторитетной/нормативной записи | RU\NLR\AUTH\661250842 |
| 617 ## - ИЕРАРХИЧЕСКОЕ ГЕОГРАФИЧЕСКОЕ НАЗВАНИЕ, ИСПОЛЬЗУЕМОЕ КАК ПРЕДМЕТ | |
| Страна | |
| Республика / штат / провинция и т.п. | РСФСР |
| Край / область / округ / графство / департамент и т.п. | Московская область |
| 686 1# - ИНДЕКСЫ ДРУГИХ КЛАССИФИКАЦИЙ | |
| Индекс | Щ153(2)7-489 |
| 712 01 - НАИМЕНОВАНИЕ ОРГАНИЗАЦИИ - ВТОРИЧНАЯ ОТВЕТСТВЕННОСТЬ | |
| Код отношения | Издатель |
| Начальный элемент ввода | РСФСР |
| Структурное подразделение | Политико-просветительный центр |
| -- | Художественно-производственный комбинат |
| Идентификатор авторитетной/нормативной записи | RU\NLR\AUTH\880419680 |
| Системный номер авторитетной/нормативной записи | 504356 |
| 712 02 - НАИМЕНОВАНИЕ ОРГАНИЗАЦИИ - ВТОРИЧНАЯ ОТВЕТСТВЕННОСТЬ | |
| Код отношения | Печатник (типограф) |
| Начальный элемент ввода | "Правда", издательство |
| Идентифицирующий признак | Москва |
| Структурное подразделение | Типография им. Сталина |
| -- | Филиал |
| Порядковый номер временной организации и / или порядковый номер ее части | 2 |
| Идентификатор авторитетной/нормативной записи | RU\NLR\AUTH\8810149028 |
| Системный номер авторитетной/нормативной записи | 792591 |
| 830 ## - ОБЩЕЕ ПРИМЕЧАНИЕ, СОСТАВЛЕННОЕ КАТАЛОГИЗАТОРОМ | |
| Текст примечания | Открытка датирована по экз. РНБ на шифре Э ОСе170/11, инв.220120: на адресной стороне штамп, содержащий год поступления в РНБ: Г.П.Б. в Лнгр. Ц. 1934 г. Акт №. А.Я. ОЭст |
| 830 ## - ОБЩЕЕ ПРИМЕЧАНИЕ, СОСТАВЛЕННОЕ КАТАЛОГИЗАТОРОМ | |
| Текст примечания | ППЦ НКП - предположительно, Политико-просветительный центр Народного комиссариата просвещения. В базе колл. авт. заголовок "РСФСР. Политико-просветительный центр" - сс. от "Политико-просветительный центр НКП РСФСР". А.Я. ОЭст |
| 830 ## - ОБЩЕЕ ПРИМЕЧАНИЕ, СОСТАВЛЕННОЕ КАТАЛОГИЗАТОРОМ | |
| Текст примечания | 2-я тип. изд-ва ЦК ВКП(б) "Правда" = "Правда", издательство. Москва. Типография им. Сталина. Филиал. (2). См. БЗ: ... Темник по проведению "Займа рабочих предложений" / 2-я тип. из-ва ЦК ВКП(б). "Правда". - [Москва] : 2-я тип. "Правды", 1932. А.Я. ОЭст |
| 856 #0 - МЕСТОНАХОЖДЕНИЕ ЭЛЕКТРОННЫХ РЕСУРОВ И ДОСТУП К НИМ | |
| Универсальный идентификатор ресурса (Uniform Resource Identifier) | http://vivaldi.nlr.ru/lo000070951/view |
| 856 #1 - МЕСТОНАХОЖДЕНИЕ ЭЛЕКТРОННЫХ РЕСУРОВ И ДОСТУП К НИМ | |
| Универсальный идентификатор ресурса (Uniform Resource Identifier) | http://vivaldi.nlr.ru/lo000070951/cover |
| 856 #2 - МЕСТОНАХОЖДЕНИЕ ЭЛЕКТРОННЫХ РЕСУРОВ И ДОСТУП К НИМ | |
| Универсальный идентификатор ресурса (Uniform Resource Identifier) | http://vivaldi.nlr.ru/lo000070951/text |
| 901 ## - ДАННЫЕ ОБ ОБЪЕКТЕ ОЦИФРОВКИ | |
| -- | Изографические материалы |
| 942 ## - ДОПОЛНИТЕЛЬНЫЕ ЭЛЕМЕНТЫ ЗАПИСИ (АБИС) | |
| Тип экземпляра АБИС | Визуальный материал |
| 980 ## - КОЛЛЕКЦИЯ | |
| Название коллекции | Национальная библиография |
| 981 17 - КОЛЛЕКЦИЯ ЭЛЕКТРОННОЙ БИБЛИОТЕКИ | |
| Название коллекции | Изографические материалы |
| Название подколлекции | Открытки |
Нет доступных экземпляров.